| 000 | 00392nam a2200097Ia 4500 | ||
|---|---|---|---|
| 008 | 180130s9999 xx 000 0 und d | ||
| 245 |
_cDrew, Jake M.; Moore, Tyler _aOptimized combined-clustering methods for finding replicated criminal websites |
||
| 260 | _c2016 | ||
| 300 | _aBook title: Handbook of information security--Acession number C20533; pages 143-155 | ||
| 650 | _aINFORMATION SECURITY | ||
| 999 |
_c354097 _d354097 |
||